000
00295nam a2200121 4500
008
230629b xxu||||| |||| 00| 0 eng d
082
_a
336.207
_b
COP
100
_c
J.M Cope
245
_a
Business Taxation
260
_a
Britain
_b
Thomas Nelson & sons Ltd
_c
1972
300
_a
328p
942
_2
ddc
_c
BK
999
_c
2942
_d
2942